Critical Contrast - 2011 Movies Quiz Stats

 Plays Quiz Updated Dec 6, 2019

Score 0/10 Timer 08:00
9 Plays Today
Good Critique Movie % Correct
The chemistry this trio has is special; the premise of the sequel seems worn, but the way they work against and with each other is what provides the pleasure [Time]The Hangover Part II
85.1%
A loopy joy from start to finish, Bradley Cooper proves that he's the real deal [Empire]Limitless
58.1%
It is in many respects the best installment of the franchise as its stars go from sullen kids to sullen young adults, where their expressions look more natural [USA Today]The Twilight Saga: Breaking Dawn - Part 1
56.4%
After undergoing some unfortunate mutations in recent years, a beleaguered Marvel movie property gets the smart, stylish prequel it deserves [Variety]X-Men: First Class
48.5%
Lasseter is back behind the wheel, and you can feel his love for all things automotive in every frame [Rolling Stone]Cars 2
46.5%
The world-class mechanic is Brad Bird, who applies the pacing and spatial freedom of a 'toon to a live-action thriller [St. Louis Post]Mission: Impossible - Ghost Protocol
38.2%
The kills themselves are both bountiful and bloody, the movie references are brilliant and bloody, the funny is very frequent and very bloody [LA Times]Scream 4
30.9%
Though [movie] doesn't really cast any lingering animal magic, it has enough laughs to keep family audiences engaged during the summer holidays [Liverpool Echo]Zookeeper
26.7%
The ride Snyder takes you on is so vividly conceived, so deliriously bizarre and wonderful [Miami Herald]Sucker Punch
24.2%
It generally succeeds, thanks to a visually energetic approach by director Jon Chu that keeps all the obligatory backstage/onstage bits moving fluidly [Hollywood Reporter]Justin Bieber: Never Say Never
7.3%

You're not logged in!

Compare scores with friends on all Sporcle quizzes.
OR
Log In

Sporcle TV

Today on Sporcle TV


Watch our educational content, quiz creation guides, and fun videos on Sporcle TV.

Show Comments

Extras

Top Quizzes Today


Score Distribution

Your Account Isn't Verified!

In order to create a playlist on Sporcle, you need to verify the email address you used during registration. Go to your Sporcle Settings to finish the process.

Report this User

Report this user for behavior that violates our Community Guidelines.

Details: